Tình bạn là... (truyện tranh) 500 bí kíp hoàn hảo cho một tình bạn tuyệt vời
में बचाया:
| मुख्य लेखक: | |
|---|---|
| अन्य लेखक: | |
| स्वरूप: | पुस्तक |
| प्रकाशित: |
Hà Nội
Thế giới
2016
|
| विषय: | |
| टैग : |
टैग जोड़ें
कोई टैग नहीं, इस रिकॉर्ड को टैग करने वाले पहले व्यक्ति बनें!
|
| Thư viện lưu trữ: | Trung tâm Học liệu Lê Vũ Hùng, Trường Đại học Đồng Tháp |
|---|
| LEADER | 00848pam a22002538a 4500 | ||
|---|---|---|---|
| 001 | 00040717 | ||
| 005 | 20190326100332.0 | ||
| 008 | 161209s2014 ||||||Chisd | ||
| 020 | # | # | |c 86000 |a 978 604 77 2292 1 |
| 041 | 0 | # | |a Vie |
| 082 | 1 | 4 | |a 158.2 |b T312B |
| 100 | 1 | # | |a Lisa, Swerling |
| 245 | 1 | 0 | |a Tình bạn là... (truyện tranh) |c Lisa Swerling; Palph Lazar |b 500 bí kíp hoàn hảo cho một tình bạn tuyệt vời |
| 260 | # | # | |b Thế giới |c 2016 |a Hà Nội |
| 300 | # | # | |a 270 tr. |c 15cm. |
| 653 | # | # | |a Bí quyết |
| 653 | # | # | |a tình bạn |
| 653 | # | # | |a tâm lý |
| 653 | # | # | |a Con người |
| 653 | # | # | |a Truyện tranh |
| 700 | 1 | # | |a Palph Lazar |
| 852 | # | # | |j KD.0022563 |
| 910 | # | # | |d 12/01/2018 |e ltkchi |f 26/03/2019 |
| 980 | # | # | |a Trung tâm Học liệu Lê Vũ Hùng, Trường Đại học Đồng Tháp |